Primary Sources and Asian Pasts (Record no. 90514)

MARC details
000 -LEADER
fixed length control field 01313nam a2200265Ia 4500
000 - LEADER
fixed length control field 01800naaa 00361uu
001 - CONTROL NUMBER
control field https://directory.doabooks.org/handle/20.500.12854/63685
005 - DATE AND TIME OF LATEST TRANSACTION
control field 20260218105924.0
008 - FIXED-LENGTH DATA ELEMENTS--GENERAL INFORMATION
fixed length control field 211013s9999 xx 000 0 und d
024 ## - OTHER STANDARD IDENTIFIER
Standard number or code 10.1515/9783110674088
042 ## - AUTHENTICATION CODE
Authentication code dc
245 #0 - TITLE STATEMENT
Title Primary Sources and Asian Pasts
260 ## - PUBLICATION, DISTRIBUTION, ETC.
Place of publication, distribution, etc. Berlin/Boston
Name of publisher, distributor, etc. De Gruyter
Date of publication, distribution, etc. 2020
300 ## - PHYSICAL DESCRIPTION
Extent 1 electronic resource (389 p.)
520 ## - SUMMARY, ETC.
Summary, etc. This conference volume unites a wide range of scholars from diverse fields in an effort to explore new perspectives and methods in the study of primary sources from the premodern world. It represents the culmination of the ERC's Synergy project Asia Beyond Boundaries, a research consortium of the British Museum, the British Library and the School of Oriental and African Studies, in partnership with Leiden University.
540 ## - TERMS GOVERNING USE AND REPRODUCTION NOTE
Terms governing use and reproduction Creative Commons
653 ## - INDEX TERM--UNCONTROLLED
Uncontrolled term Source criticism
700 1# - ADDED ENTRY--PERSONAL NAME
Personal name Bisschop, Peter C.
700 1# - ADDED ENTRY--PERSONAL NAME
Personal name Bisschop, Peter C.
700 1# - ADDED ENTRY--PERSONAL NAME
Personal name Cecil, Elizabeth A.
700 1# - ADDED ENTRY--PERSONAL NAME
Personal name Cecil, Elizabeth A.
856 ## - ELECTRONIC LOCATION AND ACCESS
Uniform Resource Identifier <a href="https://docs.google.com/spreadsheets/d/1yKIrdCPDAG_9c22mwoOIO2DOhtj65Wqa/edit?usp=sharing&ouid=106555315294820607512&rtpof=true&sd=true ">https://docs.google.com/spreadsheets/d/1yKIrdCPDAG_9c22mwoOIO2DOhtj65Wqa/edit?usp=sharing&ouid=106555315294820607512&rtpof=true&sd=true </a>
Link text List of Curated E-Books
942 ## - ADDED ENTRY ELEMENTS (KOHA)
Koha item type E-Book

No items available.

University of Rizal System
Email us at univlibservices@urs.edu.ph

Visit our Website www.urs.edu.ph/library